01059nas a2200277Ia 4500001001600000003001000016008004100026040002500067041001300092100002100105210002800126222002800154245005000182250001100232260000900243501012300252300001300375362003100388500008200419650004500501700001100546942000700557957000600564999003300570952017800603A09/R108-35050 IT-MiCISF161014c99999999xx |||||||||||| ||und|| aIT-MiCISFcIT-MiCISF aITALIANO aMercuri Rosella  aIl consulente familiare aIl consulente familiare 0aEmozioni e sentimenti. 2° giornata di studio a1a ed. c2002 bCISF - Centro Internazionale Studi Famiglia - Via Giotto, 36 20145 MILANO (non commercial uses only)cCopyright 2016 app. 3-31 an. 1, gennaio-marzo [2002] aRossi R., Priore V., Montorsi A. Tema: consulenza, famiglia, genitorialità€ aFAMIGLIA - consulenza familiarevdossier aAA.VV. cCR 71 a35050bSig1c226405d226405 0010406A_09_000000000000000_R1083505071aCISFbCISFd2016-10-14l0oA09/R108-35050 r2016-10-14 00:00:00w2016-10-14yCRzData import 15.10.2016 / by Epidotti, Vaglietti